| 000 | 00433nam a2200145Ia 4500 | ||
|---|---|---|---|
| 008 | 210716s2012 xx 000 0 und d | ||
| 020 | _a9788126536764 | ||
| 041 | _aeng | ||
| 082 | _a005.268 RACS | ||
| 100 | _aRachui, Steve;Agerlund, Kent;Martinez, Santos;Daalmans, Peter. | ||
| 245 | _aMastering system center 2012 configuration manager. | ||
| 250 | _a1 | ||
| 260 |
_aNew Delhi _bWiley India Pvt Ltd _c2012 |
||
| 300 | _axxiii,792 | ||
| 999 |
_c192736 _d192736 |
||